000 01279nam a22003617a 4500
003 CHAP
005 20220329141234.0
008 971010s1969 es a r 00010 spa d
010 _a64934
011 _a65906
035 _a73457
040 _cCHAP
082 _a635.8
_bF4
100 0 0 _aFerrán Lamich, José.
_940429
245 1 0 _aCómo cultivar el champiñón, la trufa y otros hongos
_c/por José Ferrán Lamich
260 _aBarcelona :
_bAedos,
_c1969
300 _a188p. :
_bláms., ilus., mapas
490 _aBiblioteca agrícola Aedos
590 _aBATCH-UPD
_b10
_c20130110
_lUCH01
_h1112
590 _aBATCH-UPD
_b10
_c20130410
_lUCH01
_h0703
590 _aBATCH-UPD
_b10
_c20130914
_lUCH01
_h0616
590 _aBATCH-UPD
_b10
_c20130914
_lUCH01
_h2127
590 _aCONVERSION
_b10
_c20130109
_lUCH01
_h1335
650 1 4 _aSetas.
_9105368
650 1 4 _aTrufas.
_9115377
830 0 _aBiblioteca agrícola Aedos
_912228
901 _aBK
942 _cLIBRO
949 _a635.8 F4
_bBC
_cLIBRO
_d-153281
_eLIBRO
_h44168
_i73457
_si
949 _a635.8 F4
_bBC
_cLIBRO
_d-153282
_eLIBRO
_fc.3
_h44295
_i73457
_si
949 _a635.8 F4
_bBC
_cLIBRO
_d33724000249074
_eLIBRO
_fc.2
_h44169
_i73457
_si
949 _a635.8 F4
_bBC
_cLIBRO
_d33724002310827
_eLIBRO
_fc.4
_gDonaciØn
_h115812
_i73457
_so
999 _c64934
_d64934